000 00856cam a22002531i 4500
999 _c10152
_d10152
001 10152
003 BD-JhCC
005 20180418185404.0
008 781218s1948 enk b 001 0 eng
035 _a(OCoLC)4471294
_a(BD-JhCC)10152
040 _aDLC
_cLNT
_dTNJ
_dDLC
_dBD-JhCC
041 _aeng
050 0 0 _aPR551
_b.S8
082 _a821.509
_bSUT 1948
100 1 _aSutherland, James Runcieman,
_d1900-1996.
245 1 2 _aA preface to eighteenth century poetry /
_cby James Sutherland.
260 _aOxford :
_bClarendon Press,
_c1948, 1950 printing.
300 _avi, 175 p. ;
_c23 cm.
500 _a"Reprinted lithographically ... from corrected sheets of the first edition."
504 _aIncludes bibliographical references and index.
650 0 _aEnglish poetry
_y18th century
_xHistory and criticism.
942 _2ddc
_cBK